00419pab a2200145 454500008004000000100002000040245007500060260000900135300001100144362001100155650002500166650003500191650002700226773002000253180718b2009 xxu||||| |||| 00| 0 eng d aNaik, K. Sundar aGovernance and management of affiliated in India: role of universities c2009 ap.1-4. a21 Dec aUniversities - India aEducational management - India aEducational management aUniversity News